000 00518nam a2200193Ia 4500
005 20250508163401.0
008 008 250505s9999 xx 000 0 eng d
037 _aTextual
040 _aFEDL
_beng
_cFEDL
041 _aeng
_2eng
084 _a515, ARO
_qFEDL
100 _aArora Prem Nath
_9154698
245 0 _aCalculs for beginners
260 _aDelhi, India
_bUstadan Di Hatti
_c1968
300 _a135p
700 _a Prem Nath
_9775244
942 _cTEXL
_h515, ARO
999 _c1382724
_d1382724